| 000 | 00837nam a22001697a 4500 | ||
|---|---|---|---|
| 020 |
_a9788181460899 _c60.00 |
||
| 082 | _aक | ||
| 100 |
_aरघुनाथ जीवन _940961 |
||
| 245 |
_aमल्ली / _cरघुनाथ जीवन;नानसी राज द्वारा चित्रांकित |
||
| 260 |
_aचैन्नई _bतूलिका पब्लिशर्स _c2011 |
||
| 270 |
_a13 पृथ्वी ऐवन्यू, अभिरमपुरम _bचैन्नई _e600018 |
||
| 300 |
_aअ.पृ. _c18सेमी (अजिल्द) _bसचित्र |
||
| 700 |
_940847 _aनानसी राज |
||
| 700 | _940848 | ||
| 942 |
_2ddc _cCH _mरघुना _hक |
||
| 999 |
_c62071 _d62071 |
||